¿Dónde está la pelota? (Registro nro. 12535)

Detalles MARC
000 -LEADER
fixed length control field 00798nam a22003017b 4500
001 - CONTROL NUMBER
control field
003 - CONTROL NUMBER IDENTIFIER
control field DO-SdBNP
005 - DATE AND TIME OF LATEST TRANSACTION
control field 20170120152120.0
008 - FIXED-LENGTH DATA ELEMENTS--GENERAL INFORMATION
fixed length control field 010424s2000 sp | ||| ||spa
016 7# - NATIONAL BIBLIOGRAPHIC AGENCY CONTROL NUMBER
Record control number
Source BPMSU
017 ## - COPYRIGHT OR LEGAL DEPOSIT NUMBER
Copyright or legal deposit number
Assigning agency
020 ## - INTERNATIONAL STANDARD BOOK NUMBER
International Standard Book Number 842071254X
035 ## - SYSTEM CONTROL NUMBER
System control number (OCoLC)
040 ## - CATALOGING SOURCE
Original cataloging agency BPMSU
Language of cataloging spa
Transcribing agency BPMSU
Description conventions
041 1# - LANGUAGE CODE
Language code of text/sound track or separate title spa
Language code of original
080 #0 - UNIVERSAL DECIMAL CLASSIFICATION NUMBER
Universal Decimal Classification number
100 1# - MAIN ENTRY--PERSONAL NAME
Personal name Vilarrubias, Pia
240 10 - UNIFORM TITLE
Uniform title <a href="On és la pilota?">On és la pilota?</a>
Language of a work Español
245 11 - TITLE STATEMENT
Title ¿Dónde está la pelota?
Medium
Statement of responsibility, etc. Pía Vilarrubias ; traducción, Maite Valdés
250 ## - EDITION STATEMENT
Edition statement
260 ## - PUBLICATION, DISTRIBUTION, ETC. (IMPRINT)
Place of publication, distribution, etc. Salamanca :
Name of publisher, distributor, etc. Anaya
Date of publication, distribution, etc. 2000
300 ## - PHYSICAL DESCRIPTION
Extent [36] p.:
Other physical details il. ;
Dimensions 21 cm
490 0# - SERIES STATEMENT
Series statement Tina y su pandilla
Volume/sequential designation 1
700 ## - ADDED ENTRY--PERSONAL NAME
Personal name Valdés, Maite
830 ## - SERIES ADDED ENTRY--UNIFORM TITLE
Uniform title Tina y su pandilla
Volume number/sequential designation 1
942 ## - ADDED ENTRY ELEMENTS (KOHA)
Source of classification or shelving scheme Dewey Decimal Classification
Koha item type Libros
956 ## - LOCAL ELECTRONIC LOCATION AND ACCESS (OCLC)
Host name VMATEO
Access number 10
Compression information 20170120
Path BPMSU
Electronic name 0069
Existencias
Withdrawn status Lost status Source of classification or shelving scheme Damaged status Not for loan Collection code Home library Current library Date acquired Source of acquisition Total Checkouts Barcode Date last seen Price effective from Koha item type
    Dewey Decimal Classification     Colección Infantil General Biblioteca Pública Metropolitana Salomé Ureña Biblioteca Pública Metropolitana Salomé Ureña 01/20/2017 Compra   BPMET17010753 01/20/2017 01/20/2017 Libros